000 00194nam a22001097a 4500
041 _aeng
080 _a80
100 _aGungormus, N.
245 _aIstambul
650 _aTurkish
999 _c278220
_d278220
942 _cBK